Dibujo y diseño. / (Registro nro. 35837)
[ vista simple ]
| 000 -CABECERA | |
|---|---|
| Longitud fija campo de control | 00449nam a2200169 4500 |
| 003 - • IDENTIFICADOR DELl NÚMERO DE CONTROL | |
| Identificador del número de control | CO-ViMGA |
| 020 ## - • NÚMERO INTERNACIONAL NORMALIZADO PARA LIBROS | |
| Número Internacional Normalizado para Libros (ISBN) | 9786075000596 |
| 040 ## - FUENTE DE LA CATALOGACIÓN | |
| Centro catalogador de origen | CO-ViMGA |
| Lengua de catalogación | spa |
| Centro transcriptor | CO-ViMGA |
| 082 04 - • NÚMERO DE LA CLASIFICACIÓN DECIMAL DEWEY | |
| Número de clasificación (R) | 604.2 |
| Número del ítem | V15d |
| 100 1# - • PUNTO DE ACCESO PRINCIPAL-NOMBRE DE PERSONA | |
| Nombre de persona | Valor Valor, Margarita. |
| 245 10 - • TITULO PROPIAMENTE DICHO | |
| Título | Dibujo y diseño. / |
| Mención de responsabilidad, etc. | Valor Valor, Margarita. |
| 300 ## - • DESCRIPCIÓN FÍSICA | |
| Extensión | 192 p. : |
| Otras características físicas | lams. ; 23 x 17 cm. |
| 650 14 - • PUNTO DE ACCESO ADICIONAL DE MATERIA - TÉRMINO DE MATERIA | |
| Término de materia o nombre geográfico como elemento inicial | Dibujo |
| 942 ## - ENTRADA DE ELEMENTOS AGREGADOS (KOHA) | |
| Fuente de clasificaión o esquema | Dewey Decimal Classification |
| Koha [por defecto] tipo de item | LIbro |
| 945 ## - TRATAMIENTO DE LA INFORMACIÓN LOCAL (OCLC) | |
| d | 31/08/2016 |
| Perdido | Fuente de clasificación o esquema | Estado Físico | No para préstamo | Forma de adquisición | Localización permanente | Localización actual | Fecha adquisición | Préstamos totales | Signatura completa | Código de barras | Fecha última consulta | Número de copia | Fecha del precio de reemplazo | Tipo de item de Koha |
|---|---|---|---|---|---|---|---|---|---|---|---|---|---|---|
| Dewey Decimal Classification | Sala Especializada Tercer Piso | Biblioteca Pública Germán Arciniegas - Villavicencio | Biblioteca Pública Germán Arciniegas - Villavicencio | 08/31/2016 | 604.2 V15d | 30551 | 03/27/2019 | Ej. 1 | 08/31/2016 | LIbro |